Statistiques concernant Culture Générale - Série 380

Cliquez ici pour prendre le quiz!

Statistiques générales

  • Ce quiz a été pris 212 fois
  • Le résultat moyen est 7 sur 10

Statistiques - réponses

QuestionRéponse% Correct
"Mais, ou , et, donc, or, ni, car" sont des conjonctions de...Coordination
96%
Dans quelle ville d'Angleterre, au célèbre club de football, les habitants sont-ils appelés les Mancuniens ?Manchester
96%
Quel animal hennit ?Le cheval
95%
Aux dominos, le domino au chiffre le plus élevé est le double...6
91%
En 1990, quel acteur incarne Cyrano de Bergerac dans un film de Jean-Paul Rappeneau ?Gérard Depardieu
90%
Dans quel jeu de parcours faut-il arriver sur la case 63 pour gagner ?Le jeu de l'oie
88%
De quel acteur américain, à l'affiche du film "Minority Report", la petite Suri est-elle la fille ?Tom Cruise
62%
En 1970, quel film réunit pour la première fois à l'écran Alain Delon et Jean-Paul Belmondo ?Borsalino
35%
Au jeu du Mikado, comment appelle-t-on la baguette qui rapporte le plus de points ?Le Mikado
24%
Au jeu du Nain jaune, quelle carte est le Nain jaune ?Le 7 de carreau
17%

Distribution des résultats

Percentile par nombre de réponses

% des personnes avec chaque résultat

Votre développement - résultats

Vous n’avez pas pris ce quiz